| 000 | 00428cam a2200181ua 4500 | ||
|---|---|---|---|
| 020 | _c1.00 | ||
| 041 |
_ahin _h |
||
| 082 |
_a891.54 _bTOL/ME |
||
| 100 | _aTolstoy, Leo. | ||
| 245 |
_aMeri mukthi ki kahani / _cTolstoy. _hTextual Documents |
||
| 250 |
_a1 / _b. |
||
| 260 |
_aNew Delhi : _bSasta Sahitya Mandir , _c1944. |
||
| 300 | _a165 ; . | ||
| 365 | _a1.00 | ||
| 504 | _a | ||
| 942 | _cBK | ||
| 999 |
_c11880 _d11880 |
||